LIBRARY ONLINE CATALOGUE

Pocket Guide to Accompany Emergency medical responder : (Record no. 16014)

MARC details
000 -LEADER
fixed length control field 00779cam a22002292 4500
001 - CONTROL NUMBER
control field 0000020825
003 - CONTROL NUMBER IDENTIFIER
control field OSt
005 - DATE AND TIME OF LATEST TRANSACTION
control field 20160624112145.0
008 - FIXED-LENGTH DATA ELEMENTS--GENERAL INFORMATION
fixed length control field 111018s xx 000 0 eng d
020 ## - INTERNATIONAL STANDARD BOOK NUMBER
International Standard Book Number 0073019089
040 ## - CATALOGING SOURCE
Original cataloging agency KABU
Transcribing agency KABU
050 ## - LIBRARY OF CONGRESS CALL NUMBER
Classification number RC86.7 .A2007 suppl. c.1
100 1# - MAIN ENTRY--PERSONAL NAME
Personal name Aehlert, Barbara.
245 10 - TITLE STATEMENT
Title Pocket Guide to Accompany Emergency medical responder :
Remainder of title first responder in action /
Statement of responsibility, etc. Barbara Aehlert.
260 ## - PUBLICATION, DISTRIBUTION, ETC. (IMPRINT)
Place of publication, distribution, etc. Boston :
Name of publisher, distributor, etc. McGraw hill,
Date of publication, distribution, etc. 2007.
300 ## - PHYSICAL DESCRIPTION
Extent x, 74p.
650 #0 - SUBJECT ADDED ENTRY--TOPICAL TERM
Topical term or geographic name as entry element Emergency medical technicians.
650 #0 - SUBJECT ADDED ENTRY--TOPICAL TERM
Topical term or geographic name as entry element Emergency medical technicians
General subdivision Study and teaching.
908 ## - PUT COMMAND PARAMETER (RLIN)
Put command parameter 111018
942 ## - ADDED ENTRY ELEMENTS (KOHA)
Source of classification or shelving scheme Library of Congress Classification
Koha item type General Collection
Classification part RC86.7
Item part .A34 2007 suppl. c.1
Holdings
Withdrawn status Lost status Source of classification or shelving scheme Not for loan Home library Current library Shelving location Date acquired Total Checkouts Full call number Barcode Date last seen Date last checked out Price effective from Koha item type
    Library of Congress Classification   Kabarak, Main Campus Kabarak, Main Campus General Stacks 24/06/2016 3 RC86.7 .A34 2007 suppl. c.1 026608 20/04/2017 06/04/2017 24/06/2016 General Collection